Vigilance manual (Record no. 491024)

000 -LEADER
fixed length control field 00366cam a22001217a 4500
008 - FIXED-LENGTH DATA ELEMENTS--GENERAL INFORMATION
fixed length control field 180718b1971 xxu||||| |||| 00| 0 eng d
082 ## - DEWEY DECIMAL CLASSIFICATION NUMBER
Classification number K782x54 In2/1
245 ## - TITLE STATEMENT
Title Vigilance manual
Statement of responsibility, etc. by Central Vigilance Commission
250 ## - EDITION STATEMENT
Edition statement 2nd ed.
260 ## - PUBLICATION, DISTRIBUTION, ETC.
Place of publication, distribution, etc. New Delhi
Name of publisher, distributor, etc. Central Vigilance Commission
Date of publication, distribution, etc. 1971
300 ## - PHYSICAL DESCRIPTION
Extent 188+p.
700 ## - ADDED ENTRY--PERSONAL NAME
Personal name India. Central Vigilance Commission
Holdings
Withdrawn status Lost status Damaged status Not for loan Permanent Location Current Location Date acquired Full call number Barcode Date last seen Price effective from Koha item type
        Indian Institute of Public Administration Indian Institute of Public Administration 2018-08-04 K782x54 In2/1 GG13722 2018-08-04 2018-08-04 GG

Powered by Koha